The lonely crowd; (Record no. 553413)
[ view plain ]
| 000 -LEADER | |
|---|---|
| fixed length control field | 00626cam a2200169 4500 |
| 082 00 - DEWEY DECIMAL CLASSIFICATION NUMBER | |
| Classification number | 973.9 |
| Author Mark | RIE |
| 100 1# - MAIN ENTRY--PERSONAL NAME | |
| Personal name | Riesman, David, |
| 9 (RLIN) | 50654 |
| 245 14 - TITLE STATEMENT | |
| Title | The lonely crowd; |
| Remainder of title | a study of the changing American character, |
| Statement of responsibility, etc. | by David Riesman in collaboration with Reuel Denney and Nathan Glazer. |
| 260 ## - PUBLICATION, DISTRIBUTION, ETC. | |
| Place of publication, distribution, etc. | New Haven, |
| Name of publisher, distributor, etc. | Yale University Press, |
| Date of publication, distribution, etc. | 1950. |
| 300 ## - PHYSICAL DESCRIPTION | |
| Extent | xvii, 386 p. |
| Dimensions | 24 cm. |
| 490 1# - SERIES STATEMENT | |
| Series statement | Studies in national policy, 3 |
| 526 ## - STUDY PROGRAM INFORMATION NOTE | |
| Program name | 0 |
| Interest level | 0 |
| Reading level | 0 |
| Title point value | 973_900000000000000_RIE |
| 650 #0 - SUBJECT ADDED ENTRY--TOPICAL TERM | |
| Topical term or geographic name entry element | Ethnopsychology |
| Geographic subdivision | United States. |
| 9 (RLIN) | 50655 |
| 650 #0 - SUBJECT ADDED ENTRY--TOPICAL TERM | |
| Topical term or geographic name entry element | MCE |
| 9 (RLIN) | 379 |
| 650 #0 - SUBJECT ADDED ENTRY--TOPICAL TERM | |
| Topical term or geographic name entry element | National characteristics, American. |
| 9 (RLIN) | 8029 |
| 942 ## - ADDED ENTRY ELEMENTS (KOHA) | |
| Source of classification or shelving scheme | |
| Koha item type | Book |
| Withdrawn status | Lost status | Source of classification or shelving scheme | Damaged status | Not for loan | Permanent Location | Current Location | Shelving location | Date acquired | Total Checkouts | Full call number | Barcode | Date last seen | Price effective from | Koha item type |
|---|---|---|---|---|---|---|---|---|---|---|---|---|---|---|
| Military College of Engineering (MCE) | Military College of Engineering (MCE) | 02/10/2015 | 973.9 RIE | MCE-MCL/6.1 | 02/10/2015 | 02/10/2015 | Book |
